000 00504nam a2200169Ia 4500
008 190805s9999||||xx |||||||||||||| ||und||
020 _a9781906915452
_c£ 55.00
082 0 4 _a623.888
_bJ7101
100 1 _aJones, Steven
245 1 0 _aMaritime Security: A practical guide /
_cSteven Jones
250 _a2nd ed.
260 _aLondon :
_bThe Nautical Institute,
_c2012
300 _avii, 158 p.
_b :
_c; 24 cm.
650 0 _aMerchant marine
_xSecurity measures
942 _cBK
999 _c123
_d123